00610nam a2200181Ia 4500008004100000020001500041041001200056082001600068100001400084245006600098260003000164300000800194650001600202700001600218942000700234999001500241952017200256221030s9999 xx 000 0 und d a8172247907 aEnglish a105.23bHur aB. Hurley 0aDoing Big Business on the Internetcby B. Hurley, P. Birkwood bJaico Pub.aMumbaic1999 a181 aBE Computer aP. Birkwood cBK c2249d2249 pBE 1007g150.00l0o105.23 Hurr2024-06-13 00:00:00w2022-10-30yBK003Print4070aMIETLIBbMIETLIBcBL-Academic Block C, FL-2, CUP-166, SH-1, R-1d2000-02-0910HBE